书目信息 |
| 题名: |
装饰装修设计大参考
|
|
| 作者: | 邹敏讷 编 | |
| 分册: | ||
| 出版信息: | 长沙 湖南美术出版社 1993.06 |
|
| 页数: | 479页 | |
| 开本: | 16开 | |
| 丛书名: | ||
| 单 册: | ||
| 中图分类: | ||
| 科图分类: | ||
| 主题词: | 建筑设计 | |
| 电子资源: | ||
| ISBN: | 7-5356-0595-8 | |
| 000 | 00601nam0 2200217 45 | |
| 001 | 9912100988 | |
| 005 | 20100323155730.07 | |
| 010 | @a7-5356-0595-8@d58.00元 | |
| 100 | @a19991210d1993 km y0chiy0120 ea | |
| 101 | @achi | |
| 105 | @a z 000yy | |
| 200 | 1 | @a装饰装修设计大参考@Azhuang shi zhuang xiu she ji da can kao@f邹敏讷编@FZou Min Ne Bian |
| 210 | @a长沙@c湖南美术出版社@d1993.06 | |
| 215 | @a479页@d16开 | |
| 606 | 0 | @a建筑设计 |
| 690 | @v3 | |
| 690 | @aTU238.2@v3 | |
| 690 | @aTU238@v4 | |
| 701 | @a邹敏讷@4编 | |
| 801 | @aCN@bPFTUser@c20100323 | |
| 905 | @dTU238@eZ970@b110951-955@f5 | |
| 装饰装修设计大参考/邹敏讷编.-长沙:湖南美术出版社,1993.06 |
| 479页;16开 |
| ISBN 7-5356-0595-8:58.00元 |
| ● |
| 相关链接 |
|
|
|
正题名:装饰装修设计大参考
索取号:TU238/Z970
 
预约/预借
| 序号 | 登录号 | 条形码 | 馆藏地/架位号 | 状态 | 备注 |
| 1 | 110951 | 201109512 | 自科二线404/404自科库 15排6列5层/ [索取号:TU238/Z970] | 在馆 | |
| 2 | 110952 | 201109521 | 自科二线404/404自科库 15排6列5层/ [索取号:TU238/Z970] | 在馆 | |
| 3 | 110953 | 201109530 | 自科二线404/309社科库 68排2列4层/ [索取号:TU238/Z970] | 在馆 | |
| 4 | 110954 | 201109549 | 建筑库101/101建筑库 51排7列2层/ [索取号:TU238/Z970] | 在馆 | |
| 5 | 110955 | 201109558 | 建筑库101/101建筑库 56排3列4层/ [索取号:TU238/Z970] | 在馆 | |
| 6 | 110956 | 201109567 | 建筑库101/101建筑库 56排4列5层/ [索取号:TU238/Z970] | 在馆 |